| 000 | 00447nam a2200181Ia 4500 | ||
|---|---|---|---|
| 001 | 13585 | ||
| 005 | 20260306164812.0 | ||
| 008 | 260306t2001||||xx |||||||||||||| ||spa|| | ||
| 041 | _aESP | ||
| 082 |
_aS 005 _bF22 |
||
| 100 |
_aFarrell, Joyce _eAUT |
||
| 245 | 0 |
_aIntroducción a la programación: _blógica y diseño |
|
| 260 | _c2001 | ||
| 300 |
_ax, 267 páginas : _c26 cm. |
||
| 650 | _aGEN | ||
| 654 | _aCCC | ||
| 942 |
_cLIB _dJUS _fJUS _2ddc _n |
||
| 999 |
_c13585 _d13585 |
||